000 00701nam a2200289Ia 4500
005 20260324115534.0
008 008 260324s9999 xx 000 0 eng d
020 _a9781315118628
037 _aEBOOK
040 _aCRL
040 _beng
040 _cCRL
041 _2eng
041 _aeng
084 _qCRL
100 _aNazmul H. Siddique; Hojjat Adeli
_91155055
245 0 _aNature-Inspired Computing
245 0 _bPhysics and Chemistry-Based Algorithms
260 _bTaylor and Francis
260 _c2017
365 _a
365 _b340
856 _uhttp://www.taylorfrancis.com/books/9781315118628
942 _cEBOOK
999 _c1746001
_d1746001